| 000 | 00764nam a2200253 a 4500 | ||
|---|---|---|---|
| 008 | |||
| 020 | _a0333616863 (hbk.) | ||
| 049 | _aMAIN | ||
| 090 |
_aHC241.2 _bDIN |
||
| 100 | 1 | _aDinan, Desmond. | |
| 245 | 1 | 0 |
_aEver closer union? : _ban introduction to the European community / _cDesmond Dinan. |
| 260 |
_aLondon : _bMacmillan, _c1994. |
||
| 300 |
_ax, 533 p. ; _c24 cm. |
||
| 440 | _aThe European Union series. | ||
| 504 | _aIncludes bibliographical references. | ||
| 500 | _aIncludes index. | ||
| 610 | 2 | 0 | _aEuropean Economic Community. |
| 650 | 0 | _aEuropean federation. | |
| 907 |
_a.b1015582x _b19-12-11 _c01-03-05 |
||
| 003 | |||
| 005 | 20230123125243.0 | ||
| 040 | _cNUST | ||
| 942 |
_cBOOKS _kHC241.2 _mDIN |
||
| 999 |
_c138376 _d138376 |
||